El poder de los sentimientos : la significación personal en el pricoanálisis, el género y la cultura /

Zapisane w:
Opis bibliograficzny
1. autor: Chodorow, Nancy
Kolejni autorzy: Bixio, Alicia tr
Format: Texto
Język:Spanish
Wydane: Buenos Aires: Paidós
Etykiety: Dodaj etykietę
Nie ma etykietki, Dołącz pierwszą etykiete!

MARC

LEADER 00000 a a2200000 04500
001 38155
003 cru CIDCACS/IIS
005 20200925160600.0
008 170526b xxu||||| |||| 00| 0 spa d
020 |a 950-12-4235-8  
040 |c CRAI/IIS  |a CRAI/IIS 
090 |a 05.03.01 C545p 
100 |a Chodorow, Nancy  
245 |a El poder de los sentimientos :   |b  la significación personal en el pricoanálisis, el género y la cultura /   |c Nancy Chodorow; traducido por Alicia Bixio 
260 |a Buenos Aires:   |b Paidós  
300 |a 351 páginas 
700 |a Bixio, Alicia   |a tr.  
942 |2 ddc  |c LI 
999 |c 14727  |d 14727